| 000 | 00463nam a22001577a 4500 | ||
|---|---|---|---|
| 999 |
_c41327 _d41327 |
||
| 003 | OSt | ||
| 005 | 20210428114843.0 | ||
| 008 | 210428b ||||| |||| 00| 0 eng d | ||
| 040 | _coclc | ||
| 082 |
_a306 _bKAR/M |
||
| 100 |
_91839 _a Karakunnu, Sheikh Mohammed |
||
| 245 |
_aManassanthi Thedunnavarkku/ _cSheikh Muhammed Karakunnu |
||
| 260 |
_aKozhikode: _bIPH, _c2013. |
||
| 300 | _a152 pages | ||
| 942 |
_2ddc _cBK _h306 _iKAR/M _k306 _mKAR/M |
||